| 000 | 01272nam a2200241 4500 | ||
|---|---|---|---|
| 003 | CO-ViMGA | ||
| 020 | _a9789585436480 | ||
| 040 |
_aCO-ViMGA _bspa _cCO-ViMGA |
||
| 082 | 0 | 4 |
_aR 461.0223 _bA74 |
| 245 | 1 | 0 |
_aAtlas básico de ortografía / _bBeatriz Blecua [y otros tres] ; ilustraciones Edgar Sicilia, Estudio Cámara ; traductor Jaume Ferrés |
| 260 |
_aBogotá : _bCírculo Cultural |
||
| 300 |
_a96 páginas : _b ilustraciones y fotografías en color ; 28 cm |
||
| 490 | _a Plan Nacional de Lectura y Escritura Leer es mi Cuento / Ministerio de Cultura | ||
| 500 | _ancluye índice alfabético de materias \ Recomendado para un público mayor de 12 años | ||
| 650 | 1 | 4 |
_aEspañol - Acentuacion - Atlas _913401 |
| 650 | 1 | 4 |
_aEspañol - Acentuacion _913400 |
| 650 | 1 | 4 |
_aEspañol - Ortografia - Atlas _913403 |
| 650 | 1 | 4 |
_aEspañol - Ortografia _913402 |
| 650 | 1 | 4 |
_aEspañol - Puntuacion - Atlas _913405 |
| 650 | 1 | 4 |
_aEspañol - Puntuacion _913404 |
| 700 | 1 |
_aSicili, Edgar \ Ferrés, Jaume \ Blecua, Beatriz Falgueras, Rosa Miarnau, Pilar Miñambre, Elena Sicilia, Edgar, ilustrador Farrés, Jaume \ Blecua, Beatriz \ Falgueras, Rosa \ Miarnau, Pilar \ Miñambre, Elena \ Estudio Cámara \ Sicilia, Edgar, ilustrador \ Farrés, Jaume _913406 |
|
| 942 |
_2ddc _cBK |
||
| 999 |
_c8574 _d8574 |
||